It's all right for some... (Record no. 75650)

MARC details
000 -LEADER
fixed length control field 00580cab a2200181 4500
001 - CONTROL NUMBER
control field L130488
008 - FIXED-LENGTH DATA ELEMENTS--GENERAL INFORMATION
fixed length control field 050804n2005 000 0 eng u
035 ## - SYSTEM CONTROL NUMBER
System control number (Sirsi) u130488
041 ## - LANGUAGE CODE
Language code of text/sound track or separate title eng
100 ## - MAIN ENTRY--PERSONAL NAME
Personal name Young, Eleanor
245 ## - TITLE STATEMENT
Title It's all right for some...
260 ## - PUBLICATION, DISTRIBUTION, ETC.
Date of publication, distribution, etc. 2005
490 ## - SERIES STATEMENT
Series statement RIBA Journal
Volume/sequential designation 113(8) August 2005, 32-46(10)
520 ## - SUMMARY, ETC.
Summary, etc. Examines the results of RIBA and Mirza and Nacey annual research into architectural salaries and employment. Tables
590 ## - LOCAL NOTE (RLIN)
Local note IKA160805
690 ## - LOCAL SUBJECT ADDED ENTRY--TOPICAL TERM (OCLC, RLIN)
Topical term or geographic name as entry element MANAGEMENT-BUSINESS MANAGEMENT-PROFESSIONAL PRACTICE
942 ## - ADDED ENTRY ELEMENTS (KOHA)
Suppress in OPAC 0
Holdings
Withdrawn status Lost status Source of classification or shelving scheme Damaged status Not for loan Home library Current library Shelving location Date acquired Total Checkouts Full call number Barcode Date last seen Copy number Price effective from Koha item type
    Dewey Decimal Classification     London London Journal article 04/08/2005   L130488 130488-1001 06/08/2019 1 06/08/2019 Journal article